000 00520nam a2200121Ia 4500
008 220616s9999||||xx |||||||||||||| ||und||
100 _aYoung, Simon A.||Smith, Terry K.
245 0 _aChapter Lipids and liposomes in the enhancement of health and treatment of disease
546 _aEnglish[eng]
650 _aEarth sciences, geography, environment, planning
856 _uhttps://library.oapen.org/bitstream/20.500.12657/49141/1/48274.pdf||https://library.oapen.org/bitstream/20.500.12657/49141/1/48274.pdf
942 _cEB
999 _c20718
_d20718